000 00409nam a2200133Ia 4500
008 100328s9999 xx 000 0 und d
082 _b73413
100 _aसानेगुरुजी.
245 _aश्यामची आई.
260 _bपुणे विद्यार्थीगृह.
630 _aश्यामची आई.
730 _aश्यामची आई.
942 _cBOOK
999 _c559134
_d559131